=LDR 00000nam 2200000 4500 =001 INLIS000000000031138 =005 20251204022451 =035 ##$$a 0010-061300000031138 =008 251204###########################0#ind## =041 ##$$a Ind =082 ##$$a 028.5 =090 ##$$a F.Rom.K, Arl l =100 ##$$a Arleen A =245 1#$$a Little lily at toyland, /$c Arleen A =260 ##$$a Jakarta :$b Gramedia Pustaka Utama,$c 2006 =300 ##$$a 23 hlm, : $b ilus ; $c 20 cm =650 #4$$a Fiksi kanak-kanak =850 ##$$a NBPNMAT =084 ##$$a 028.5 ARL l =990 ##$$a 0001/BPAP-NTB/2016 =990 ##$$a 3121031210 =990 ##$$a 20900246 =990 ##$$a 0001/BPAP-NTB/2016